00605nam a2200193Ii 450000100060000000300090000600800410001502000150005604000330007104100080010408200200011210000350013224501090016726400420027630000120031833600260033033700280035633800270038414656CO-ViMGA241108s9999||||xx |||||||||||||| ||und|| a9589802250 aCO-ViMGAbspaerdacCO-ViMGA0 aspa04a351.003520 A73b1 aAdolfo León Atehortúa Cruz10aLas banderas del presidente Uribe :bestado comunitario, seguridad democrática, revolución educativa 1aBogotá, Colombia : La Carreta, 2007 avolumen atextbtxt2rdacontent aunmediatedbn2rdamedia avolumebnc2rdacarrier